000 00784nam2a22002171 4500
001 v19\rc\2102115
005 20250620044131.0
035 _a(NLR Aleph) 005176639
090 _a5105539
_c5105539
100 _a20090914d1830 |||y0rusy50 ca
101 0 _arus
102 _aRU
105 _ay z |||||
200 0 _a1830 (1829)
210 _d1830
_aБ. м.
461 0 _1001v19\rc\2102109
_12001#$aСеверные цветы, собранные бароном Дельвигом$v1830 (1829)
_95105501
_cСанкт-Петербург
_d1825-1832
_nИван Сленин
_tСеверные цветы, собранные бароном Дельвигом
_v1830 (1829)
801 0 _aRU
_bNLR
_gpsbo
801 1 _aRU
_bProSoft-M
_2rusmarc
852 _aNLR
_j18.50.7.31
942 _cBOOK
980 _aNB